Statystyki dla Gminy w powiecie Brzozowskim

Kliknij tutaj aby rozwiązać quiz!

Ogólne statystyki

  • Ten quiz został rozwiązany 22 razy
  • Średni wynik to 4 z 5

Statystyki odpowiedzi

RodzajGmina% Poprawnych
Miejsko-wiejskaBrzozów
100%
WiejskaDomaradz
73%
WiejskaDydnia
67%
WiejskaNozdrzec
67%
WiejskaJasienica Rosielna
60%

Rozkład punktacji

Percentyl według liczby udzielonych odpowiedzi

Procent ludzi z każdym wynikiem

Twoja historia wyników

Nie rozwiązałeś tego quizu